000 01417nam a2200253Ia 4500
003 Ost
005 20260507075209.0
008 260507s9999||||xx |||||||||||||| ||und||
020 _a25092499579
040 _cfsecg
041 _aara
082 _a330
100 _aالزعبي، علي فلاح
_eمؤلف
245 0 _aمبادئ و أساليب التسويق :
_bمدخل منهجي -تطبيقي /
_c علي فلاح الزعبي
260 _aعمان:
_bدار صفاء,
_c2009
300 _a424 صفحة؛
_bإيضاحات ؛
_c24 سم
504 _aمراجع ص.417؛ ملاحق ص.379(اقتناءات 2014 3ن)
520 _aالتسويق : أسس و مفاهيم ، البيئة التسويقية ، السوق ، المستهلك و سلوكه الشرائي ، بحوث التسويق ، نظم المعلومات التسويقية ، استراتيجية المنتجات و التسعير ، استراتيجية الترويج و الاتصالات التسويقية ، استراتيجية التوزيع ، الرفاهة الاقتصادية ، التنمية الاجتماعية ، نجاح الشركات و المنظمات ، استراتيجية الخدمات ، التسويق الالكتروني .
653 _aأدارة المبيعات
653 _aالتسويق
653 _aالتسويق الالكتروني
653 _aالتوزيع
942 _cكتاب
999 _c43454
_d43454